टेम्ज़ के तट से / (Record no. 120072)

MARC details
000 -LEADER
fixed length control field 01019nam a22002537a 4500
005 - DATE AND TIME OF LATEST TRANSACTION
control field 20170124103152.0
010 ## - LIBRARY OF CONGRESS CONTROL NUMBER
LC control number B-157901
020 ## - INTERNATIONAL STANDARD BOOK NUMBER
Terms of availability 200.00
International Standard Book Number 8178570807
035 ## - SYSTEM CONTROL NUMBER
System control number B-157901
037 ## - SOURCE OF ACQUISITION
Source of stock number/acquisition Cen Lib/Ret
040 ## - CATALOGING SOURCE
Original cataloging agency DPL
Language of cataloging HN
082 ## - DEWEY DECIMAL CLASSIFICATION NUMBER
Classification number 080
Item number नरेश
100 ## - MAIN ENTRY--PERSONAL NAME
Personal name नरेश भारतीय
9 (RLIN) 88384
245 ## - TITLE STATEMENT
Title टेम्ज़ के तट से /
Statement of responsibility, etc नरेश भारतीय
246 ## - VARYING FORM OF TITLE
Title proper/short title Thames ke tat se /
Remainder of title by Naresh Bharteeya
260 ## - PUBLICATION, DISTRIBUTION, ETC. (IMPRINT)
Place of publication, distribution, etc दिल्ली
Name of publisher, distributor, etc साहित्य प्रकाशन
Date of publication, distribution, etc 2005
270 ## - ADDRESS
Address 101, प्रताप नगर मयूर विहार-1,
City दिल्ली
Postal code 110091
300 ## - PHYSICAL DESCRIPTION
Extent 192पृ.
Dimensions 21सेमी (सजिल्द)
650 ## - SUBJECT ADDED ENTRY--TOPICAL TERM
Topical term or geographic name as entry element अधिकार और कर्तव्य
9 (RLIN) 5570
650 ## - SUBJECT ADDED ENTRY--TOPICAL TERM
Topical term or geographic name as entry element भारतीयता की अलख
9 (RLIN) 88385
650 ## - SUBJECT ADDED ENTRY--TOPICAL TERM
Topical term or geographic name as entry element Rights and duties
9 (RLIN) 88386
650 ## - SUBJECT ADDED ENTRY--TOPICAL TERM
Topical term or geographic name as entry element The imagination of Indian
9 (RLIN) 88387
942 ## - ADDED ENTRY ELEMENTS (KOHA)
Source of classification or shelving scheme Dewey Decimal Classification
Koha item type Hindi Books
Classification part 080
Call number suffix नरेश
Holdings
Withdrawn status Lost status Damaged status Not for loan Home library Current library Date acquired Source of acquisition Cost, normal purchase price Total Checkouts Total Renewals Full call number Barcode Date last seen Date checked out Copy number Cost, replacement price Price effective from Koha item type
        Central Library Central Library 21/09/2015 Cen Lib/Ret 200.00 3 3 080 नरेश B-157901 14/06/2025 26/04/2025 1 200.00 21/09/2015 Hindi Books

© Delhi Public Library
Hit Counter
free hit counter